Lataa...
Sewage and waste water treatment
| Päätekijä: | |
|---|---|
| Aineistotyyppi: | Printed Book |
| Kieli: | Undetermined English |
| Julkaistu: |
Bombay
Somaiya publications
1971
|
| Aiheet: |
| LEADER | 00538nam a2200169Ia 4500 | ||
|---|---|---|---|
| 008 | 140306s9999 xx 000 0 und d | ||
| 041 | |a eng | ||
| 082 | |a 620 |b MOD/SE | ||
| 100 | |a Modak, N.V | ||
| 245 | |a Sewage and waste water treatment | ||
| 260 | |a Bombay |b Somaiya publications |c 1971 | ||
| 300 | |a 534 | ||
| 365 | |b Rs.178 | ||
| 650 | |a Engineering | ||
| 942 | |2 ddc |c BK | ||
| 999 | |c 112530 |d 112530 | ||
| 952 | |0 0 |1 0 |2 ddc |4 0 |6 620_000000000000000_MODSE |7 0 |9 110304 |a KAUHCV |b KAUHCV |d 2004-04-06 |g 178.00 |o 620 MOD/SE |p KAU_HCV-11051 |r 2014-03-22 |w 2014-03-22 |y BK | ||